Bundesliga Saison 24/25: Bester Torschütze pro Verein - Statistiken

Allgemein
  • Dieses Quiz wurde 323 mal gespielt
    95 seit der letzten Aktualisierung
  • Das Durchschnittsergebnis liegt bei 13 aus 18
Antwortstatistiken
Verein Tore Spieler % Korrekt
1. Bayern 26 Harry Kane
100%
2. Leverkusen 21 Patrick Schick
97%
3. Frankfurt 15 Omar Marmoush/Hugo Ekitike
93%
4. Dortmund 21 Serhou Guirassy
93%
9. Stuttgart 15 Ermedin Demirovic
89%
10. Gladbach 16 Tim Kleindienst
89%
7. Leipzig 13 Benjamin Sesko
87%
5. Freiburg 8 Vincenzo Grifo
85%
15. Hoffenheim 11 Andrej Kramaric
81%
6. Mainz 18 Jonathan Burkhardt
75%
11. Wolfsburg 10 Mohammed Amoura
67%
8. Bremen 10 Jens Stage
65%
17. Kiel 11 Shuto Machino
54%
13. Union 9 Benedict Hollerbach
53%
14. St Pauli 6 Morgan Guilavogui
44%
12. Augsburg 9 Alexis Claude-Maurice
43%
18. Bochum 9 Myron Boadu
42%
16. Heidenheim 7 Marvin Pieringer
37%
Keine übereinstimmenden Quizze gefunden
Verteilung der Resultate
Anzahl Personen mit jedem Resultat
Perzentil nach korrekt beantworteten Fragen
Ihre Resultats-Entwicklung
Sie haben dieses Quiz seit der letzten Aktualisierung nicht gespielt